Estatísticas para Quiz de Cuba

Clique aqui para jogar o quiz

Estatísticas Gerais

  • Esse quiz foi jogado 2 515 vezes
  • A pontuação média é 11 de 20

Estatísticas das Respostas

DicaResposta% Correto
Língua oficialEspanhol
99%
CapitalHavana
95%
Rum é feito desta planta{Cana}-de-açúcar
89%
Moeda oficialPeso
79%
Cuba faz fronteira com este marCaribe
76%
Líder da Revolução CubanaFidel Castro
75%
Isto foi abolido em 1886Escravidão
72%
Evento da Guerra Fria em 1962Crise dos {mísseis}
de Cuba
68%
Partido político que controla
a Cuba
Comunista
66%
... e este golfoGolfo do México
59%
Esporte mais popularBasebol
52%
Tipo de exportação mais famosaCharuto
49%
Base naval americana em CubaGuantánamo
35%
Coquetel feito com rum,
limão, e hortelã
Mojito
29%
Ditador derrubado em 1959Fulgencio Batista
27%
Cuba é parte deste grupo insularGrandes {Antilhas}
26%
Maior praça públicaPlaza de la
{Revolución}
25%
Segunda maior cidadeSantiago de Cuba
17%
Estilo de dança popularizada
por Pérez Prado
Mambo
14%
Maior ilha de Cuba
(excluindo Cuba)
Ilha da {Juventude}
11%

Distribuição das Pontuações

Percentil de Números Respondidos

Porcentagem de Pessoas com Cada Pontuação

Sua Pontuação Histórica

Você não jogou esse quiz